ALL Drag Race France Queens - Statistics

General Stats
  • This quiz has been taken 298 times
    219 since last reset
  • The average score is 28 of 31
Answer Stats
Season Placement Drag Queen % Correct
πŸ‡«πŸ‡· Drag Race France πŸ‡«πŸ‡·-Season 1- πŸ₯ˆ Runner-Up πŸ₯ˆ La Grande Dame
99%
πŸ‡«πŸ‡· Drag Race France πŸ‡«πŸ‡·-Season 1- πŸ† WINNER πŸ† Paloma
99%
πŸ‡«πŸ‡· Drag Race France πŸ‡«πŸ‡·-Season 2- πŸ† WINNER πŸ† Keiona
96%
πŸ‡«πŸ‡· Drag Race France πŸ‡«πŸ‡·-Season 1- πŸ₯ˆ Runner-Up πŸ₯ˆ Soa de Muse
96%
πŸ‡«πŸ‡· Drag Race France πŸ‡«πŸ‡·-Season 2- 7th[Quit] πŸ’ Miss Congeniality πŸ’ Moon
95%
πŸ‡«πŸ‡· Drag Race France πŸ‡«πŸ‡·-Season 1- 10th La Kahena
94%
πŸ‡«πŸ‡· Drag Race France πŸ‡«πŸ‡·-Season 2- 3rd/4th Mami Watta
94%
πŸ‡«πŸ‡· Drag Race France πŸ‡«πŸ‡·-Season 2- 3rd/4th Punani
94%
πŸ‡«πŸ‡· Drag Race France πŸ‡«πŸ‡·-Season 2- 11th Rose
94%
πŸ‡«πŸ‡· Drag Race France πŸ‡«πŸ‡·-Season 2- πŸ₯ˆ Runner-Up πŸ₯ˆ Sara Forever
94%
πŸ‡«πŸ‡· Drag Race France πŸ‡«πŸ‡·-Season 1- 5th La Big Bertha
93%
πŸ‡«πŸ‡· Drag Race France πŸ‡«πŸ‡·-Season 3- πŸ† WINNER πŸ† Le Filip
93%
πŸ‡«πŸ‡· Drag Race France πŸ‡«πŸ‡·-Season 1- 4th Lolita Banana
93%
πŸ‡«πŸ‡· Drag Race France πŸ‡«πŸ‡·-Season 2- 5th [Orig. 8th] Piche
93%
πŸ‡«πŸ‡· Drag Race France πŸ‡«πŸ‡·-Season 1- 6thπŸ’ Miss Congeniality πŸ’ Elips
91%
πŸ‡«πŸ‡· Drag Race France πŸ‡«πŸ‡·-Season 1- 7th Kam Hugh
90%
πŸ‡«πŸ‡· Drag Race France πŸ‡«πŸ‡·-Season 1- 8th La BriochΓ©e
88%
πŸ‡«πŸ‡· Drag Race France πŸ‡«πŸ‡·-Season 3- 3rd/4th Leona Winter
88%
πŸ‡«πŸ‡· Drag Race France πŸ‡«πŸ‡·-Season 3- 10th Afrodite Amour
85%
πŸ‡«πŸ‡· Drag Race France πŸ‡«πŸ‡·-Season 2- 6th Cookie Kunty
85%
πŸ‡«πŸ‡· Drag Race France πŸ‡«πŸ‡·-Season 3- 3rd/4th Lula Strega
85%
πŸ‡«πŸ‡· Drag Race France πŸ‡«πŸ‡·-Season 3- 9th Magnetica
85%
πŸ‡«πŸ‡· Drag Race France πŸ‡«πŸ‡·-Season 3- 6th Perseo
85%
πŸ‡«πŸ‡· Drag Race France πŸ‡«πŸ‡·-Season 3- πŸ₯ˆ Runner-Up πŸ₯ˆ Ruby On The Nail
85%
πŸ‡«πŸ‡· Drag Race France πŸ‡«πŸ‡·-Season 2- 10th Vespi
85%
πŸ‡«πŸ‡· Drag Race France πŸ‡«πŸ‡·-Season 2- 9th Kitty Space
84%
πŸ‡«πŸ‡· Drag Race France πŸ‡«πŸ‡·-Season 1- 9th Lova Ladiva
84%
πŸ‡«πŸ‡· Drag Race France πŸ‡«πŸ‡·-Season 3- 5th Misty Phoenix
82%
πŸ‡«πŸ‡· Drag Race France πŸ‡«πŸ‡·-Season 3- 7thπŸ’ Miss Congeniality πŸ’ Norma Bell
82%
πŸ‡«πŸ‡· Drag Race France πŸ‡«πŸ‡·-Season 2- 8th Ginger Bitch
81%
πŸ‡«πŸ‡· Drag Race France πŸ‡«πŸ‡·-Season 3- 8th Edeha Noire
75%
No matching quizzes found
Score Distribution
Percent of People with Each Score
Percentile by Number Answered
Your Score History
You have not taken this quiz since the last reset